भारतीय संस्कृति की सुगंध / (Record no. 119068)

MARC details
000 -LEADER
fixed length control field 01222nam a22002777a 4500
003 - CONTROL NUMBER IDENTIFIER
control field dpl
005 - DATE AND TIME OF LATEST TRANSACTION
control field 20190502152506.0
008 - FIXED-LENGTH DATA ELEMENTS--GENERAL INFORMATION
fixed length control field 190502b ||||| |||| 00| 0 eng d
010 ## - LIBRARY OF CONGRESS CONTROL NUMBER
LC control number B-037683
020 ## - INTERNATIONAL STANDARD BOOK NUMBER
Terms of availability 225.00
035 ## - SYSTEM CONTROL NUMBER
System control number B-037683, B-037705
037 ## - SOURCE OF ACQUISITION
Source of stock number/acquisition Cen Lib/Ret
040 ## - CATALOGING SOURCE
Original cataloging agency DPL
Language of cataloging HN
Transcribing agency 0
082 ## - DEWEY DECIMAL CLASSIFICATION NUMBER
Classification number 306.0934
Item number सोतीवी
100 ## - MAIN ENTRY--PERSONAL NAME
Personal name सोती वीरेन्द्र चन्द्र
9 (RLIN) 56523
245 ## - TITLE STATEMENT
Title भारतीय संस्कृति की सुगंध /
Statement of responsibility, etc सोती वीरेन्द्र चन्द्र
246 ## - VARYING FORM OF TITLE
Title proper/short title bhartiya sanskriti ki sugandh /
Remainder of title by Soti Virendra Chandra
260 ## - PUBLICATION, DISTRIBUTION, ETC. (IMPRINT)
Place of publication, distribution, etc दिल्ली
Name of publisher, distributor, etc चिन्मय ज्ञानपीठ
Date of publication, distribution, etc 2000
270 ## - ADDRESS
City दिल्ली
Address 74, मेधा अपार्टमेंट, मयूर विहार - 1
Postal code 110091
300 ## - PHYSICAL DESCRIPTION
Extent 191पृ.
Dimensions 20सेमी(सजिल्द )
650 ## - SUBJECT ADDED ENTRY--TOPICAL TERM
Topical term or geographic name as entry element संस्कृति--भारत
General subdivision
Geographic subdivision
9 (RLIN) 83202
650 ## - SUBJECT ADDED ENTRY--TOPICAL TERM
Topical term or geographic name as entry element धार्मिक दृष्टिकोण
9 (RLIN) 1227
650 ## - SUBJECT ADDED ENTRY--TOPICAL TERM
Topical term or geographic name as entry element Culture - India
9 (RLIN) 78280
650 ## - SUBJECT ADDED ENTRY--TOPICAL TERM
Topical term or geographic name as entry element Religious views
9 (RLIN) 83203
942 ## - ADDED ENTRY ELEMENTS (KOHA)
Source of classification or shelving scheme Dewey Decimal Classification
Koha item type Hindi Books
Classification part 306.0934
Call number suffix सोतीवी
Holdings
Withdrawn status Lost status Damaged status Not for loan Home library Current library Date acquired Source of acquisition Cost, normal purchase price Total Checkouts Full call number Barcode Date last seen Date checked out Copy number Cost, replacement price Price effective from Koha item type Source of classification or shelving scheme Collection code
        Central Library Central Library 15/09/2015 Cen Lib/Ref 225.00 2 306.0934 सोतीवी B-037683 13/07/2018 18/06/2018 1 225.00 15/09/2015 Hindi Books    
        Shahdara Branch Shahdara Branch 02/05/2019 BPPD/PUB 225.00   306.0934 सोतीवी B-037705 02/05/2019     225.00 02/05/2019 Hindi Books Dewey Decimal Classification Non-fiction

© Delhi Public Library
Hit Counter
free hit counter